000 02272nam0a22004331 4500
001 RU\NLR\bibl\728885
005 20260407134005.0
010 _a5-02-018388-1
_92000
021 _aRU
_b2005-35916
_91789
035 _a(NLR Aleph) 000718863
090 _a690182
_c690182
100 _a20131026d2004 |||y0rusy50 ca
101 0 _arus
102 _aRU
105 _aa |||||||||
200 1 _aИстория Древнего Востока
_iОт ранних государственных образований до древних империй
_f[д.и.н. Е.В. Антонова, д.и.н. А.А. Вигасин, д.и.н. К.В. Васильев [и др.]
_gредкол.: акад. РАН Г.М. Бонгард-Левин (пред.) [и др.]
_gпод ред. А.В. Седова
_g[Рос. акад. наук, Ин-т востоковедения]
210 _aМ.
_cВост. лит.
_d2004
215 _a894,[1] c.
_cил., цв. ил.
_d24
300 _aАвт. указаны на 33-й с.
320 _aБиблиогр.: с. 815-830 и в подстроч. примеч.
320 _aУказ. имен: с. 832-846
320 _aУказ. геогр. и топогр. названий: с. 847-868
320 _aУказ. этн. названий: с. 869-873
607 _aДревний Восток
_xИстория
_9911189
_3RU\NLR\auth\6613083
686 _aТ3(5)3,02
701 1 _4070
_8rus
_7ca
_aАнтонова
_bЕ. В.
_cд-р ист. наук
_f1945-
_gЕлена Вадимовна
_3RU\NLR\AUTH\7720980
_94046
701 1 _4070
_8rus
_7ca
_aВигасин
_bА. А.
_f1946-
_gАлексей Алексеевич
_3RU\NLR\AUTH\776100
_9116055
701 1 _aВасильев
_bК. В.
_gКим Васильевич
_4070
702 1 _4070
_8rus
_7ca
_aБонгард-Левин
_bГ. М.
_f1933-2008
_gГригорий Максимович
_3RU\NLR\auth\779097
_9118964
712 0 2 _4570
_aИнститут востоковедения
_cМосква
_3RU\NLR\AUTH\8810000899
_9498968
801 0 _aRU
_bNLR
_c20050224
_grcr
801 1 _aRU
_bNLR
_c20050224
830 _a1 и 3-й авт. по ЭК
852 _aNLR
_bОЛСАА-сл-спр
_j4-1290
942 _cBOOK
980 _aNB
980 1 _aSL_SPR